000 00769cam a22002413a 4500
001 1736
003 PGUSA
005 20140828083005.0
008 990501s1999||||xxu|||||s|||||000 | eng d
040 _aPGUSA
_beng
042 _adc
050 4 _aPR
100 1 _aShakespeare
_q(spurious and doubtful works),
_d1564-1616
245 1 4 _aThe Life and Death of the Lord Cromwell
_h[electronic resource] /
_cShakespeare
260 _bProject Gutenberg,
_c1999
500 _aApocrypha
506 _aCopyrighted. Read the copyright notice inside this book for details.
516 _aElectronic text
653 _aCromwell, Thomas, Earl of Essex, 1485?-1540 -- Drama
830 0 _aProject Gutenberg
_v1736
856 4 0 _uhttp://www.gutenberg.org/ebooks/1736
942 _cEB
999 _c231082
_d231082